Baugs Of Pune: The 18th Century Peshwa Period Conservation Strategies For Historic Urban Landscapes (Record no. 362076)
[ view plain ]
| 000 -LEADER | |
|---|---|
| fixed length control field | 00350nam a2200097Ia 4500 |
| 008 - FIXED-LENGTH DATA ELEMENTS--GENERAL INFORMATION | |
| fixed length control field | 241105s9999 xx 000 0 und d |
| 041 ## - LANGUAGE CODE | |
| Language code of text/sound track or separate title | eng |
| 100 ## - MAIN ENTRY--PERSONAL NAME | |
| Personal name | Kolte Rajnandini |
| 9 (RLIN) | 181650 |
| 245 ## - TITLE STATEMENT | |
| Title | Baugs Of Pune: The 18th Century Peshwa Period Conservation Strategies For Historic Urban Landscapes |
| 260 ## - PUBLICATION, DISTRIBUTION, ETC. (IMPRINT) | |
| Name of publisher, distributor, etc. | BNCA M Arch Landscape Architecture |
| Place of publication, distribution, etc. | Pune |
| Date of publication, distribution, etc. | 2023 |
No items available.